000 00562nam a2200205Ia 4500
005 20250507130253.0
008 008 250505s9999 xx 000 0 eng d
037 _aSeries Article
040 _aEASL
_beng
_cEASL
041 _aeng
_2eng
084 _qEASL
100 _aNoh Sunyoung
_9670376
245 0 _aPatterns of Japan's foreign direct investment in China
260 _aIndia
_bNew delhi Sage Publications
_c2011
300 _a217-232
650 _aChina
700 _aMah Jai S
_9670377
942 _cSRA
999 _c1318690
_d1318690